00453 2200157 4500001002100000005001500021035002000036245009700056100001800153300002800171260004000199082000800239084001400247020002200261990001200283INLIS00000000000184820250508020208 a0010-05250001401 aSejarah Eropa :bDari Masa Menjelang Perang Dunia 1 Sampai Masa Antarbellum /cJulius Siboro0 aJulius Siboro a168 hlm ;c14,5 x 21 cm aYogyakarta :bPenerbit Ombak,c2012 a900 a900 JUL s a978-602-7544-28-4 a0754753